000 00987nam a2200217 i 4500
001 68510
003 ES-MaACL
005 20250830103044.0
007 t|
008 960806s1881 sp |||| | spa d
100 1 _aGarcía Moreno, A.
_954997
245 1 0 _aTexto y examen crítico de las constituciones federales de los Estados Unidos, Suiza y Alemania
_b: con los dos proyectos presentados a las Cortes Constituyentes de la República Española en 1873 /
_ccomparadas entre sí y anotadas por A. García Moreno y destinadas principalmente a los suscriptores de Las Nacionalidades.
260 _aMadrid :
_bGóngora,
_c1881 (
_fEst. tip de Góngora y Cía.)
300 _a207 p. ;
_c23 cm.
610 1 7 _aEstados Unidos.
_tConstitution
_2
_9147980
610 1 4 _aSuiza.
_tConstitution, 1848.
_9167535
650 4 _aDerecho constitucional-
_zAlemania.
_9167536
650 4 _aDerecho constitucional-
_zEspaña
_911682
852 _aES-MaACL
_jT-550-F-1
999 _c68510
_d68510